000 00504 a2200157 4500
020 _a9781849691888
082 _a794.81526
090 _c7240
_d7240
100 _aFernandez Michelle M.
245 _aCorona SDK mobile game development: Creat monetized games for ios and android with minimum cost and code
_cMichelle M. Fernandez
260 _aMumbai
_bPACKT publishing
_c2012.
300 _a383 p.
650 _aMobile games --Programming
700 _aMichelle M. Fernandez
942 _cBK
_k794.81526 FER
999 _c11043
_d11043